00541nam a22001457a 450000500170000000800410001702000180005804100080007608200150008410000220009924501610012126000230028230000190030565000710032420260114190546.0260114b |||||||| |||| 00| 0 eng d a9781636515717 aEng a005.54 PIL a Pillai, Sini V.  aMicrosoft Power BI Essentials You Always Wanted To Know Master Data Transformation, Visualizations, AI Integration & Reporting For Smarter Business Insights aUSAbVibrantc2025 a334;. P. 21 cm aMicrosoft Excel ; Microsoft PowerPivot ; Business--Data processing